000 00487nam a22001932 4500
001 0000004419
005 20170406115818.0
008 140917s xx 000 0 eng d
020 _c$
040 _aYour Holding Symbol
_cYour Holding Symbol
100 1 _aEyre,Jane.
245 1 0 _aCharlotte bronte.
250 _a ed.
260 _aNew york :
_bNoton,
_c1971.
300 _a508 p. ;
_c cm.
504 _abibliography.
650 0 _aliterature.
908 _a140917
999 _c4248
_d4248